<?xml version="1.0" encoding="UTF-8"?>
<record
    xmlns:xsi="http://www.w3.org/2001/XMLSchema-instance"
    xsi:schemaLocation="http://www.loc.gov/MARC21/slim http://www.loc.gov/standards/marcxml/schema/MARC21slim.xsd"
    xmlns="http://www.loc.gov/MARC21/slim">

  <leader>02357cam a22003735a 4500</leader>
  <controlfield tag="001">017529588</controlfield>
  <controlfield tag="003">Uk</controlfield>
  <controlfield tag="005">20161102130418.0</controlfield>
  <controlfield tag="006">m    ||  d |      </controlfield>
  <controlfield tag="007">cr |||||||||||</controlfield>
  <controlfield tag="008">150829t2015    ne a   frb    001 0|eng d</controlfield>
  <datafield tag="015" ind1=" " ind2=" ">
    <subfield code="a">GBB6A0437</subfield>
    <subfield code="2">bnb</subfield>
  </datafield>
  <datafield tag="020" ind1=" " ind2=" ">
    <subfield code="a">9780444633774</subfield>
  </datafield>
  <datafield tag="020" ind1=" " ind2=" ">
    <subfield code="a">0444633774</subfield>
  </datafield>
  <datafield tag="020" ind1=" " ind2=" ">
    <subfield code="z">9780444633576</subfield>
  </datafield>
  <datafield tag="037" ind1=" " ind2=" ">
    <subfield code="a">9780444633774</subfield>
    <subfield code="b">Ingram Content Group</subfield>
  </datafield>
  <datafield tag="040" ind1=" " ind2=" ">
    <subfield code="a">Uk</subfield>
    <subfield code="b">eng</subfield>
    <subfield code="c">Uk</subfield>
    <subfield code="d">EG-ScBUE</subfield>
  </datafield>
  <datafield tag="082" ind1="0" ind2="4">
    <subfield code="a">660.63</subfield>
    <subfield code="2">22</subfield>
    <subfield code="b">NAJ</subfield>
  </datafield>
  <datafield tag="100" ind1="1" ind2=" ">
    <subfield code="a">Najafpour, Ghasem D.</subfield>
  </datafield>
  <datafield tag="245" ind1="1" ind2="0">
    <subfield code="a">Biochemical engineering and biotechnology /</subfield>
    <subfield code="c">Ghasem D. Najafpour.</subfield>
  </datafield>
  <datafield tag="250" ind1=" " ind2=" ">
    <subfield code="a">2nd ed.</subfield>
  </datafield>
  <datafield tag="260" ind1=" " ind2=" ">
    <subfield code="a">Amsterdam :</subfield>
    <subfield code="b">Elsevier,</subfield>
    <subfield code="c">c.2015.</subfield>
  </datafield>
  <datafield tag="300" ind1=" " ind2=" ">
    <subfield code="a">xvi, 652 p. :</subfield>
    <subfield code="b">ill. ;</subfield>
    <subfield code="c">24 cm.</subfield>
  </datafield>
  <datafield tag="500" ind1=" " ind2=" ">
    <subfield code="a">Index : p. 633-652.</subfield>
  </datafield>
  <datafield tag="504" ind1=" " ind2=" ">
    <subfield code="a">Includes bibliographical references.</subfield>
  </datafield>
  <datafield tag="505" ind1="0" ind2=" ">
    <subfield code="a">&lt;p&gt;Chapter 1. Industrial Microbiology, an Introduction for Chemical Engineers&lt;/p&gt; &lt;p&gt;Chapter 2. Dissolved Oxygen Measurement, Mixing and Mass Transfer&lt;/p&gt; &lt;p&gt;Chapter 3. Gas and Liquid System (Aeration and Agitation in Bioprocesses)&lt;/p&gt; &lt;p&gt;Chapter 4. Fermentation Process Integration and Control System&lt;/p&gt; &lt;p&gt;Chapter 5. Enzyme and Microbial Growth Kinetics&lt;/p&gt; &lt;p&gt;Chapter 6. Bioreactor Design and Actual Applications in Process Scale-up &lt;/p&gt; &lt;p&gt;Chapter 7. Downstream Processing, Bioprocess separation and purifications&lt;/p&gt; &lt;p&gt;Chapter 8. Techniques of Immobilization, Immobilization of Microbial Cells for the Production of Organic Acid and Ethanol&lt;/p&gt; &lt;p&gt;Chapter 9. Extended Mass balance; Material and Elemental Balance&lt;/p&gt; &lt;p&gt;Chapter 10. Application of Bioprocesses; Fermentation Technology&lt;/p&gt; &lt;p&gt;Chapter 11. Solid State and submerged Fermentations; Enzyme productions and Production of Antibiotics&lt;/p&gt; &lt;p&gt;Chapter 12. Production of Citric Acid from Waste Sources&lt;/p&gt; &lt;p&gt;Chapter 13. Bioreactor Scale-up Calculation&lt;/p&gt; &lt;p&gt;Chapter 14. Production of Single-Cell Protein from Waste Sources&lt;/p&gt; &lt;p&gt;Chapter 15. Fermentation Process Sterilisation&lt;/p&gt; &lt;p&gt;Chapter 16. Membrane Separation Processes; Biological Applications&lt;/p&gt; &lt;p&gt;Chapter 17. Advanced Downstream Process Technologies in Biotechnology&lt;/p&gt;</subfield>
  </datafield>
  <datafield tag="530" ind1=" " ind2=" ">
    <subfield code="a">Also issued in print format.</subfield>
  </datafield>
  <datafield tag="590" ind1=" " ind2=" ">
    <subfield code="a">Sameh</subfield>
  </datafield>
  <datafield tag="650" ind1=" " ind2="7">
    <subfield code="a">Biochemical engineering.</subfield>
    <subfield code="2">BUEsh</subfield>
    <subfield code="9">19460</subfield>
  </datafield>
  <datafield tag="650" ind1=" " ind2="7">
    <subfield code="a">Biotechnology.</subfield>
    <subfield code="2">BUEsh</subfield>
    <subfield code="9">39645</subfield>
  </datafield>
  <datafield tag="651" ind1=" " ind2=" ">
    <subfield code="2">BUEsh</subfield>
  </datafield>
  <datafield tag="653" ind1=" " ind2=" ">
    <subfield code="b">ENGGEN</subfield>
    <subfield code="c">November2016</subfield>
  </datafield>
  <datafield tag="942" ind1=" " ind2=" ">
    <subfield code="2">ddc</subfield>
  </datafield>
  <datafield tag="999" ind1=" " ind2=" ">
    <subfield code="c">22990</subfield>
    <subfield code="d">22962</subfield>
  </datafield>
  <datafield tag="952" ind1=" " ind2=" ">
    <subfield code="0">0</subfield>
    <subfield code="1">0</subfield>
    <subfield code="2">ddc</subfield>
    <subfield code="4">0</subfield>
    <subfield code="7">0</subfield>
    <subfield code="8">Baccah</subfield>
    <subfield code="a">MAIN</subfield>
    <subfield code="b">MAIN</subfield>
    <subfield code="c">1ST</subfield>
    <subfield code="d">2016-11-02</subfield>
    <subfield code="e">Purchase</subfield>
    <subfield code="g">1870.00</subfield>
    <subfield code="h">3636</subfield>
    <subfield code="l">4</subfield>
    <subfield code="m">2</subfield>
    <subfield code="o">660.63 NAJ</subfield>
    <subfield code="p">000034254</subfield>
    <subfield code="r">2025-07-15 00:00:00</subfield>
    <subfield code="s">2023-02-07</subfield>
    <subfield code="v">2338.00</subfield>
    <subfield code="y">BB</subfield>
  </datafield>
</record>
